Govt. of
Madhya Pradesh

Tourism in North-East India (Record no. 49275)

MARC details
000 -LEADER
fixed length control field 004470000a22001810004500
003 - CONTROL NUMBER IDENTIFIER
control field MACL
005 - DATE AND TIME OF LATEST TRANSACTION
control field 20151004151726.0
008 - FIXED-LENGTH DATA ELEMENTS--GENERAL INFORMATION
fixed length control field 151004b xxu||||| |||| 00| 0 eng d
040 ## - CATALOGING SOURCE
Original cataloging agency MACL
Transcribing agency MACL
041 ## - LANGUAGE CODE
Language code of text/sound track or separate title English
082 ## - DEWEY DECIMAL CLASSIFICATION NUMBER
Classification number 910/KUM
100 ## - MAIN ENTRY--PERSONAL NAME
Personal name R. Kumar & S. Ram
9 (RLIN) 13717
245 ## - TITLE STATEMENT
Title Tourism in North-East India
260 ## - PUBLICATION, DISTRIBUTION, ETC. (IMPRINT)
Place of publication, distribution, etc. New Delhi
Name of publisher, distributor, etc. Arpan Publications
Date of publication, distribution, etc. 2013
350 ## - PRICE (NR) (BK AM CF MU VM SE) [OBSOLETE]
Price 1175
650 ## - SUBJECT ADDED ENTRY--TOPICAL TERM
Topical term or geographic name as entry element Tourism
9 (RLIN) 13718
942 ## - ADDED ENTRY ELEMENTS (KOHA)
Koha item type Books
Call number prefix 910
Source of classification or shelving scheme
Holdings
Withdrawn status Lost status Source of classification or shelving scheme Damaged status Not for loan Home library Current library Date acquired Cost, normal purchase price Total Checkouts Full call number Barcode Date last seen Date last checked out Uniform Resource Identifier Price effective from Koha item type
          MACL MACL 15/04/2015 1175.00 1 910/KUM CRE030785 02/05/2024 13/03/2018 50038 15/04/2015 Books